Vista normal Vista MARC

Entrada Personal Name

Número de registros utilizados en: 1

001 - CONTROL NUMBER

  • control field: 10586

003 - CONTROL NUMBER IDENTIFIER

  • control field: OSt

005 - DATE AND TIME OF LATEST TRANSACTION

  • control field: 20200921142837.0

008 - FIXED-LENGTH DATA ELEMENTS

  • fixed length control field: 200921|| aca||aabn | a|a d

040 ## - CATALOGING SOURCE

  • Original cataloging agency: OSt
  • Transcribing agency: OSt

100 ## - HEADING--PERSONAL NAME

  • Personal name: Equipo de Consultores Editoriales de McGraw-Hill, compiladores

670 ## - SOURCE DATA FOUND

  • Source citation: Work cat.: (OSt)4488: Equipo de Consultores Editoriales de McGraw-Hill, compiladores, Biblioteca práctica de negocios : administración de personal y recursos humanos / , ©1992